MDQL
is popping MORE tags! Check the
thread
!
Quizzes
Events
Quiz Creation
Community
Videos
Private Events
Remove Ads
Sign In
Join for FREE
Feedback
Dark Mode
Quiz Categories
Sports
Geography
Music
Movies
Television
Just For Fun
Miscellaneous
History
Literature
Language
Science
Gaming
Entertainment
Religion
Holiday
For Kids
Quiz Lab
Recent
Popular Today
Quiz Kudos Today
Editor Picks
Curator Picks
Quizzes by...
Day
Popularity
Type
Ratings
Length
Year
Community
Subscriptions
Recent Discussions
Orange Saloon
Badges
Playlists
Quests
Create
Leaderboards
Showdown
Live 5
Trivia Bingo
Activity
Puzzle Library
Sporcle Events
Private Events
Virtual Trivia
Globe League
Become a Host
Pub Owners
SporcleCon
Opinionation
Our Games
Videos
Blog
Mobile Apps
Partnerships
Remove Ads and Go Orange
Feedback
Music
Pop Music
The Beatles
Song
Album
Lyrics
Bands
Singers
Artist
Clip
Rock
Rap
Classical
Billboard
Country Music
Kpop
Taylor Swift
Music
Pop Music
The Beatles
Song
Album
Lyrics
Bands
Singers
Artist
Clip
Rock
Rap
Classical
Billboard
Country Music
Kpop
Taylor Swift
Random Quiz
Search Sporcle
×
Quiz Lab
Quiz Lab
Music
Song
Type in answers that appear in a list
Type in answers that appear in a list
Classic
Best Score? Go Orange.
'Mr. Blue Sky' Lyrics Stats
Can you name the lyrics to the Electric Light Orchestra song 'Mr. Blue Sky'?
By
rer2121
8m
189 Questions
2,725 Plays
2,725 Plays
2,725 Plays
Comments
Comments
Give Quiz Kudos
Give Quiz Kudos
-
- Ratings
hide this ad
Replay
Link that replays current quiz
Next Quiz
Link to next quiz in quiz playlist
You Got
0%
They Got
Avg Score
82%
Avg Friend Score
Upgrade to see
Score Distribution
Jump to the score distribution portion of the page
Score
0/189
Timer
08:00
0
Plays Today
Lyrics
% Correct
blue
100%
Blue
100%
(Morning,
99.9%
for
99.9%
today's
99.9%
forecast
99.9%
calls
99.9%
skies)
99.9%
go
99.9%
(Guitar Solo)
99.9%
(Chorus)
99.9%
(Mr.
99.9%
Sky) (x3)
99.9%
(Chorus)
99.9%
(Choir singing)
99.9%
sky.
97.9%
Sky
97.9%
Sky
97.9%
Sky's
97.9%
the
97.2%
the
97.2%
the
97.2%
the
97.2%
the
97.2%
the
97.2%
the
97.2%
the
97.2%
a
97.1%
a
97.1%
a
97.1%
a
97.1%
Blue
96.3%
Blue
96.3%
Blue
96.3%
Blue.
96.3%
Blue,
96.3%
Blue. (sky)
96.3%
Mr.
96.1%
Mr.
96.1%
Mr.
96.1%
Mr.
96.1%
Mr.
96.1%
Mr.
96.1%
(Chorus) Mr.
96.1%
you
94.8%
you
94.8%
you
94.8%
you.
94.8%
you
94.8%
you (x2)
94.8%
you
94.8%
you
94.8%
you
94.8%
you. (sky)
94.8%
you
94.8%
you.
94.8%
is
94.7%
is
94.7%
is
94.7%
is
94.7%
in
94.1%
in
94.1%
in
94.1%
Lyrics
% Correct
in
94.1%
There
93.3%
there
93.3%
there
93.3%
there
93.3%
to
92.7%
to
92.7%
to
92.7%
to
92.7%
Sun
92.4%
sun
92.4%
it
90.7%
shinin'
90.4%
cloud
90.3%
so
90.1%
so
90.1%
so
90.1%
be
88.4%
be
88.4%
we
88.1%
for
87.7%
for-or-or-or
87.7%
do.
87.7%
do. (blue)
87.7%
day-ay-ay-ay?
87.3%
day
87.3%
ain't
87.1%
sight.
87%
It's
85.9%
it's
85.9%
Hey,
85.1%
Hey
85.1%
Hey
85.1%
please
85%
why
84.3%
long. (so long)
84.1%
tell
81.8%
and
81.7%
and
81.7%
us
81.6%
with
81.2%
with
81.2%
with
81.2%
away
81%
had
79.7%
where
79.5%
Where
79.5%
beautiful
79.3%
Everybody's
79.2%
on
79.2%
on
79.2%
today-ay-ay-ay.
79.1%
today
79.1%
Everybody
78.7%
Everybody
78.7%
did
77.7%
did
77.7%
hide
77.4%
rainin'.
77.4%
see
77.1%
see
77.1%
see
77.1%
know
76%
Lyrics
% Correct
race,
75.3%
human
75.3%
pretty
75%
don't
74.8%
Welcome
74.4%
down
74.2%
face.
73.9%
avenue,
73.5%
stopped
73.2%
here
72.8%
what
71.2%
what
71.2%
your
71%
how
70.4%
shines
70.4%
wrong? (x2, end chorus)
70%
We're
69.2%
We're
69.2%
Night,
68.7%
new
68.3%
waitin'
68.2%
right,
68.1%
Look
67.8%
Look
67.8%
brightly
67.1%
Now
66.9%
Runnin'
66.6%
shoulder.
66.6%
up
64.8%
city,
64.4%
comes
64.1%
around
63.9%
around,
63.9%
over.
63.8%
way.
63.6%
but
63.5%
waited
63.3%
at
62.8%
at
62.8%
was
62.7%
hand
62.6%
we've
62.4%
his
62.3%
once
62.1%
this...
61.9%
this
61.9%
streets
61.5%
pleased
61.5%
pleased
61.5%
remember
60.3%
remember
60.3%
livin'
60%
I'll
59.4%
I'll
59.4%
creepin'
58.4%
smiles
58.2%
smiles
58.2%
soon
53.9%
Never
52.2%
mind.
50.8%
pity.
47.9%
play
45.7%
celebration.
41.2%
Quiz Playlist
Details
Report
Send in Message
Add To Playlist
Classic:
Type in answers that appear in a list
Quiz Source
Last Updated: Aug 17, 2017
Quiz Scoreboard
CHALLENGE
Sign Up to Join the Scoreboard
Show All
Scores
Hide
Comments
May contain spoilers
Recently Published
5x2 Blitz: Bands
by SL_Kpop136
Music
30s
Colored Red Africa Blitz
by spor1
Geography
30s
Find the 'City' Movie
by crazypaving
Movies
60s
More to Explore
Quiz From the Vault
Featured Blog Post
14 Easter Pick-up Lines to Find Eggs With
hide this ad
You Might Also Like...
Tags
Lyrics Quiz
Song Quiz
Electric Light Orchestra
elo
happiness
Today's Top Quizzes in Music
Browse Music
hide this ad
Today's Top Quizzes in Song
Browse Song
Top Contributed Quizzes in Music
1
5X2 Blitz: Bands II
2
Taylor Swift All Songs (2024)
3
Taylor Swift Logic Puzzle II
4
5X2 Blitz: The Beatles
5
5X2 Blitz: Billboard
6
Taylor Swift Logic Puzzle
7
5X2 Blitz: Billboard II
8
5X2 Blitz: Album
9
5X2 Blitz: Singers
10
Music Artist by Three 2010s hits
Explore More
Trending Topics
Anime
Disney
Marvel
Crossword
Harry Potter
Kpop
NBA
NFL
Song
The Office
Soccer
Pokémon
WWE
Puzzle
Country
hide this ad
More By:
rer2121
Quiz
Plays
Rating
Category
Featured
Created
Quick Sort Minefield Blitz
262,053
3.13
Just For Fun
May 13, 2012
Fill in the Lyrics
242,461
4.13
Music
Apr 5, 2012
World Cities Match 'Em Up
184,952
4.69
Geography
Dec 7, 2012
Fill in the Lyrics II
123,127
3.84
Music
Apr 21, 2012
Word to Number Blitz
70,826
3.90
Just For Fun
Sep 29, 2012
Go to Creator's Profile
Score Distribution
Quiz Creator Spotlight
rer2121
Follow
Send a Message
Quizzes Created
-
Created Quiz Play Count
-
More By This Creator
Popular Quizzes Today
1
Colored Red Africa Blitz
2
Find the 'City' Movie
3
Find the US States - No Outlines Minefield
4
5x2 Blitz: Bands
5
The Countries of the World
6
Find the US States
7
US States
8
9x9 Crossword: Cartoon Network
More Music Quizzes
30 Two-Word 'A' Musicians Match-Up
Published
Trending Quizzes
Colored Red Europe Blitz I
Colored Red Europe Blitz II
Colored Red Africa Blitz II
Colored Red Europe Blitz III
Colored Red Africa Blitz III
Recently Updated
How Do You Spell That?
pecheneg
Godzilla Movies
pecheneg
Grab Bag: 4-10 Letters
pecheneg
2024 March Madness Bracket
pecheneg
Famous TV Couples
Peacemaker
Champions League XIs: Real Madrid
pecheneg
Largest US Cities 1790-2010
pecheneg
Rides in Walt Disney World
pecheneg
Most Oscar Losses (Acting)
pecheneg
Beyoncé Albums
pecheneg
Trending Topics
NBA
Crossword
Disney
Harry Potter
Kpop
Marvel
Anime
Puzzle
WWE
NFL
Song
Soccer
Pokémon
Country
The Office
Your Account Isn't Verified!
In order to create a playlist on Sporcle, you need to verify the email address you used during registration. Go to your
Sporcle Settings
to finish the process.
Report this User
Report this user for behavior that violates our
Community Guidelines
.
Details:
Send Report
Go to the Sporcle.com Mobile Site →
Comments